000 00452nam a2200181Ia 4500
001 14144
005 20260306164853.0
008 260306t2014||||xx |||||||||||||| ||spa||
041 _aESP
082 _a509.85
_bS71
100 _aSotelo Huerta, Áureo
_eAUT
245 0 _aLos sabios del Perú:
_bplan lector para las ciencias
260 _c2014
300 _a303 páginas :
_c24 cm.
650 _aGEN
654 _aCCN
942 _cLIB
_dJUS
_fJUS
_2ddc
_n
999 _c14144
_d14144